000 00966 a2200193 4500
003 Nust
005 20221027143254.0
020 _a978-0-07-069967-0
040 _cNust
082 _a621.3104,KOT
100 _aD P Kothari--I J Nagrath
_9101524
245 _aElectrical Machines /
_cD P Kothari--I J Nagrath
250 _a4th
260 _aNew Delhi
_bTata McGraw Hill Education Private Ltd
_c2010
300 _axviii,914,p
505 _aIntroduction (Page-1), Magnetic Circuits & Induction (Page-12), Transformers (Page-48), Principles of Electromagnetic Energy Conversion (Page-158), Basic Concepts in Rotating Machines (Page-197),Armature Windings (Page-273), DC Machines (Page-285), Synchronous Machines (Page-44), Induction Machines (Page-593), Fractional Kilowatt Motors (Page-702), Generalized Theory of Electric Machines (Page-753), Motor Control by Static Power Converters (Page-767).
650 _aTelecommunication Engineering
942 _2ddc
_cBK
999 _c189482
_d189482